Welcome to CU Library Online Public Access Catalogue (OPAC)

Roles and Responsibilities for Nursing Continuing Education and Staff Development Across All Settings (Record no. 7899)

MARC details
000 -LEADER
fixed length control field 00471nam a22001337a 4500
005 - DATE AND TIME OF LATEST TRANSACTION
control field 20251029164502.0
008 - FIXED-LENGTH DATA ELEMENTS--GENERAL INFORMATION
fixed length control field 251029b |||||||| |||| 00| 0 eng d
050 ## - LIBRARY OF CONGRESS CALL NUMBER
Classification number RT76 AME
110 ## - MAIN ENTRY--CORPORATE NAME
Corporate name or jurisdiction name as entry element American Nurses Association
245 ## - TITLE STATEMENT
Title Roles and Responsibilities for Nursing Continuing Education and Staff Development Across All Settings
Statement of responsibility, etc. American Nurses Association
260 ## - PUBLICATION, DISTRIBUTION, ETC.
Place of publication, distribution, etc. Washington
Name of publisher, distributor, etc. American Nurses Publishing
Date of publication, distribution, etc. 1992
300 ## - PHYSICAL DESCRIPTION
Extent iii. 14p.
Dimensions 23cm
942 ## - ADDED ENTRY ELEMENTS (KOHA)
Source of classification or shelving scheme Library of Congress Classification
Koha item type Books
Suppress in OPAC No
999 ## -
-- 7899
-- 7899
Holdings
Withdrawn status Lost status Source of classification or shelving scheme Damaged status Not for loan Collection Home library Current library Shelving location Date acquired Total checkouts Full call number Barcode Date last seen Copy number Price effective from Koha item type
    Library of Congress Classification     Non-fiction Science Library (Miotso) Science Library (Miotso) General stacks 10/29/2025   RT76 AME SLM00004925 10/29/2025 1 10/29/2025 Books
© 2023-2024 Copyright: Central University Libraries. All Rights Reserved | Created by: Mahone Tech Office